| 000 | 06059nam a2200313 a 4500 | ||
|---|---|---|---|
| 001 | 000000408 | ||
| 003 | DO-SdBNP | ||
| 005 | 20240409073637.0 | ||
| 008 | 081029s2007 dr ac 000 0 spa d | ||
| 020 | _a9789945161137 | ||
| 020 | _z994516113X | ||
| 040 |
_aDO-SdBNP _bspa _cBNPHU |
||
| 082 |
_a972.93054 _bR139mo, 2007 |
||
| 100 | 1 |
_aRaful, Tony, _d1951- _91377 |
|
| 245 | 1 | 0 |
_aMovimiento 14 de Junio : _bhistoria y documentos / _cTony Raful. |
| 250 | _a3a. ed. | ||
| 260 |
_aSanto Domingo : _bBúho, _c2007. |
||
| 300 |
_a780 p. : _bil., retrs. ; _c23 cm. |
||
| 505 | 0 |
_tEn el día de reyes del año de 1959 comienza a gestarse movimiento conspirativo en casa Yuyo D̀ Alessandro -- _tEl sabotaje impide éxito del factor sorpresa y reconocimiento de gobierno en armas -- _tFidel Castro se iba a unir a los héroes del 14 de Junio. Lucha interna o Trujillo siempre -- _tEl ejemplo de junio de 1959 despertó conciencias -- _tLa pequeña llama de Salcedo enciende la pradera. Habla el Ing. Francisco González Pachico -- _t"El complot develado" redactado en una silla eléctrica -- _tRadio Caribe truena en medio de negros nubarrones -- _tRamfis Trujillo llama "señoritos de alta suciedad" a los jóvenes del Movimiento 14 de Junio -- _tMarcos Pérez Collado entrega documento clave a la embajada norteamericana y se asila -- _tMinerva, Patria y María Teresa Mirabal. "Cayeron para volverse eternas" -- _tLa comedia del MPD temina en masacre. La cárcel hace hermanos catorcistas y emepedeístas -- _tEtapa legal del 1J4. Eligen a Manolo presidente -- _t14 de Junio envía miembros a estudiar a Costa Rica -- _tMuchachada proclama territorio libre. Calle Espaillat 20 de octubre de 1961 -- _tManolo y Viriato van a Washington, regresan en medio de una apoteosis popular. 14 de Junio pide gobierno de unidad nacional -- _tRenuncian los "cívicos" de 1J4. 14 de Junio explica salida de directivos -- _t¿Quiénes y por qué matan a Johnny Abbes García, el verdugo del Movimiento clandestino 14 de Junio? -- _tRelato conmovedor de hermana de un desaparecido -- _t14 de junio de 1962, Manolo proclama: iremos a las escarpadas montañas de Quisqueya -- _tJuicio a los asesinos de las Mirabal -- _tLey de emergencia. Consejo deporta catorcistas Vinicio Echavarría, Frank Carvajal, Juan Miguel Román. Buscan a Leandro Guzmán, Máximo Bernard -- _tDelio Gómez pidió permiso para venir a pelear en 1965 -- _tSe divide 14 de Junio, fundan partido, Manolo responde. |
|
| 505 | 0 |
_tA la Plaza Valerio, Manolo asiste vestido de verde olivo -- _tCatorcistas dan la victoria a Juan Bosch. Votos verdes y negros se depositan a favor del PRD -- _tMisterioso organismo dirige 1J4 -- _t14 de Junio de 1963 Manolo dice que está dispuesto a morir en la cruz del sacrificio -- _tEl 16 de julio de 1963 Manolo llama al presidente Bosch para felicitarlo; sólo puede hablar con Jacobo Majluta. Bosch le dice al Dr. Cordero Michel: el golpe será contra ustedes -- _tTragedia nacional, golpe de Estado 25 de septiembre. Manolo intercepta conversación telefónica Bosch -- _tCongreso Nacional clandestino proclama presidente al doctor Juan Casasnova Garrido; 14 de Junio apoya decisión -- _tPausa. Acotaciones a Melvin Mañón a propósito de los héroes. Cita poeta nacional Pedro Mir -- _tEstudiantes emplazan a Viriato Fiallo -- _tInician preparativos insurrección noviembre -- _tCapitán del Ejército Nacional se reúne con Manolo. Promete apoyo a guerrillas -- _tPrimer teniente piloto Hugo Román Peralta declara: me niego a bombardear a mis hermanos del 1J4 -- _tDispersan a tiros frente Gregorio Luperón. Capturan a Juan Miguel Román -- _tDomingo 15 de diciembre, desgracia en lomas de Miches, Luis Genao Espaillat responde a sus críticos y revela su amor por el 14 de Junio -- _tEl eslabón perdido, al fin, encontrado. Triunvirato engaña al presidente Johnson, obtiene reconocimiento y ordena muerte de Manolo -- _tSe desploma frente urbano. Fidelio convence a Manolo y marcha a una misión de contacto -- _tCómo murió Manolo? -- _tCoronel Valdez Hilario dice: no quiero que la sangre de esos muchachos me salpique mi uniforme". Informe del doctor Espaillat Cabral -- _tResponsabilidades en la tragedia de las Manaclas -- _t14 de Junio entierra a sus muertos. Emma Tavarez Justo le pide una nueva cita a la historia -- _tEntrevista al general Ramiro Matos. |
|
| 505 | 0 |
_tIng. Leandro Guzmán explica razones por las cuales fracasó insurrección -- _tEl doctor Juan B. Mejía acusa a la infraestructura del fracaso guerrillero y de practicar el oportunismo de izquierda -- _tPresa en San Cristóbal, Picky Lora habló con capitán Calderón -- _tSupuesta carta de revolucionaria venezolana residente en Cuba, acusa a Fafa Taveras de seducción y engaño, pide castigo revolucionario -- _tSensacionales revelaciones de Mario Fernández Muñoz: Wessin hizo proposiciones al 14 de Junio; confirman reunión del capitán Calderón con Manolo en iglesia de Constanza -- _tOscar Santana dirige sector 1J4 en conspiración del 24 de abril -- _tHieren comandante Pedro Bonilla (1J4) en combate 15 de junio; se cubre de gloria Norge Botello (1J4) peleando cuerpo a cuerpo con soldados invasores en patios y callejones de Villa Francisca -- _tAsesinan a comandante Oscar Santana, el 1J4 pierde a uno de sus más puros dirigentes -- _tHéctor Aristy profetiza en 1965 que detrás de García Godoy viene al poder Joaquín Balaguer; 14 de junio no acepta fórmula García Godoy -- _t14 de Junio aprueba en 1966 autocrítica severa sobre la insurrección guerrillera -- _t20 conclusiones definitivas y una esperanza latente: la figura de Manolo crecerá con el tiempo -- _tAnexos -- _tCitas -- _tBibliografía -- _tÍndice onomástico. |
|
| 590 | _aInventariado, 2019/MFF | ||
| 610 | 2 | 4 |
_aMovimiento Revolucionario 14 de Junio (República Dominicana) _91373 |
| 650 | 1 | 4 |
_aActividades clandestinas _91375 |
| 650 | 1 | 4 |
_aMovimientos revolucionarios _91376 |
| 651 | 1 | 4 |
_aRepública Dominicana _xPolítica y gobierno _yEra de Trujillo, 1930-1961 _91374 |
| 910 | _aValidado. Control de calidad MMOLINA | ||
| 942 |
_2ddc _cLBS1 |
||
| 999 |
_c406 _d406 |
||